| Tag |
First Indicator |
Second Indicator |
Subfields |
| LEADER |
00000cam a2200000 a 4500 |
| 001 |
in00000014390 |
| 005 |
20151007052213.0 |
| 008 |
870616s1987 maucf b 00110beng |
| 010 |
|
|
|a 87017725
|
| 020 |
|
|
|a 0805777695 (alk. paper)
|
| 020 |
|
|
|a 0805777784 (pbk. : alk. paper)
|
| 035 |
|
|
|a (OCoLC)16129806
|
| 035 |
|
|
|9 AAA6756AM
|
| 040 |
|
|
|a DLC
|c DLC
|d TXA
|d UtOrBLW
|
| 043 |
|
|
|a n-us---
|
| 049 |
|
|
|a TXAM
|
| 050 |
0 |
0 |
|a E807.1.R48
|b S34 1987
|
| 082 |
0 |
|
|a 973.917/092/4
|a B
|2 19
|
| 100 |
1 |
|
|a Scharf, Lois.
|
| 245 |
1 |
0 |
|a Eleanor Roosevelt :
|b first lady of American liberalism /
|c Lois Scharf.
|
| 264 |
|
1 |
|a Boston :
|b Twayne Publishers,
|c [1987]
|
| 264 |
|
4 |
|c ©1987
|
| 300 |
|
|
|a x, 202 pages, 10 unnumbered pages of plates :
|b portraits ;
|c 24 cm.
|
| 336 |
|
|
|a text
|b txt
|2 rdacontent
|
| 337 |
|
|
|a unmediated
|b n
|2 rdamedia
|
| 338 |
|
|
|a volume
|b nc
|2 rdacarrier
|
| 490 |
1 |
|
|a Twayne's twentieth-century American biography series ;
|v no. 6
|
| 504 |
|
|
|a Includes bibliographical references (pages 194-196) and index.
|
| 600 |
1 |
0 |
|a Roosevelt, Eleanor,
|d 1884-1962.
|
| 650 |
|
0 |
|a Presidents' spouses
|z United States
|v Biography.
|
| 650 |
|
0 |
|a Liberalism
|z United States
|x History
|y 20th century.
|
| 830 |
|
0 |
|a Twayne's twentieth-century American biography series ;
|v no. 6.
|
| 999 |
|
|
|a MARS
|
| 999 |
f |
f |
|s 2ea4770f-ee6b-3b78-b899-843d7cd488fe
|i eff3e001-ca65-3c3b-af0d-18fcc412dad7
|t 0
|
| 952 |
f |
f |
|p ric
|a Texas A&M University
|b Rellis Campus
|c Joint Library Facility
|d Remote Storage
|t 0
|e E807.1.R48 S34 1987
|h Library of Congress classification
|i unmediated -- volume
|m A14811036257
|
| 998 |
f |
f |
|a E807.1.R48 S34 1987
|t 0
|l Remote Storage
|